The last precinct / (Record no. 174458)

000 -LEADER
fixed length control field 01217cam a2200325 a 4500
001 - CONTROL NUMBER
control field 12102261
003 - CONTROL NUMBER IDENTIFIER
control field Nust
005 - DATE AND TIME OF LATEST TRANSACTION
control field 20220829164320.0
008 - FIXED-LENGTH DATA ELEMENTS--GENERAL INFORMATION
fixed length control field 000711s2000 nyu 000 1 eng
010 ## - LIBRARY OF CONGRESS CONTROL NUMBER
LC control number 00055349
020 ## - INTERNATIONAL STANDARD BOOK NUMBER
International Standard Book Number 9780751525359
040 ## - CATALOGING SOURCE
Original cataloging agency DLC
Transcribing agency DLC
Modifying agency DLC
043 ## - GEOGRAPHIC AREA CODE
Geographic area code n-us-va
050 00 - LIBRARY OF CONGRESS CALL NUMBER
Classification number PS3553.O692
Item number L37 2000b
082 00 - DEWEY DECIMAL CLASSIFICATION NUMBER
Classification number 823
Author Mark COR
100 1# - MAIN ENTRY--PERSONAL NAME
Personal name Cornwell, Patricia Daniels.
9 (RLIN) 11118
245 14 - TITLE STATEMENT
Title The last precinct /
Statement of responsibility, etc. Patricia Cornwell.
260 ## - PUBLICATION, DISTRIBUTION, ETC.
Place of publication, distribution, etc. New York :
Name of publisher, distributor, etc. G.P. Putnam's Sons,
Date of publication, distribution, etc. 2000.
300 ## - PHYSICAL DESCRIPTION
Extent 565 p. ;
Dimensions 25 cm.
600 10 - SUBJECT ADDED ENTRY--PERSONAL NAME
Personal name Scarpetta, Kay
Titles and other words associated with a name (Fictitious character)
Form subdivision Fiction.
9 (RLIN) 11119
650 #0 - SUBJECT ADDED ENTRY--TOPICAL TERM
Topical term or geographic name entry element Medical examiners (Law)
Form subdivision Fiction.
9 (RLIN) 11657
650 #0 - SUBJECT ADDED ENTRY--TOPICAL TERM
Topical term or geographic name entry element Forensic pathologists
Form subdivision Fiction.
9 (RLIN) 11121
650 #0 - SUBJECT ADDED ENTRY--TOPICAL TERM
Topical term or geographic name entry element Women physicians
Form subdivision Fiction.
9 (RLIN) 11122
651 #0 - SUBJECT ADDED ENTRY--GEOGRAPHIC NAME
Geographic name Jamestown (Va.)
Form subdivision Fiction.
9 (RLIN) 98646
651 #0 - SUBJECT ADDED ENTRY--GEOGRAPHIC NAME
Geographic name Richmond (Va.)
Form subdivision Fiction.
9 (RLIN) 98647
655 #7 - INDEX TERM--GENRE/FORM
Genre/form data or focus term Detective and mystery stories.
Source of term gsafd
906 ## - LOCAL DATA ELEMENT F, LDF (RLIN)
a 7
b cbc
c orignew
d 1
e ocip
f 20
g y-gencatlg
942 ## - ADDED ENTRY ELEMENTS (KOHA)
Source of classification or shelving scheme
Koha item type Book
Holdings
Withdrawn status Lost status Source of classification or shelving scheme Damaged status Not for loan Permanent Location Current Location Shelving location Date acquired Total Checkouts Full call number Barcode Checked out Date last seen Date last checked out Copy number Price effective from Koha item type
          Central Library (CL) Central Library (CL) Fiction 01/26/2017 2 823 COR CL130 02/01/2026 01/02/2026 01/02/2026 1 01/26/2017 Book
© 2023 Central Library, National University of Sciences and Technology. All Rights Reserved.